| 000 | 00706nam a2200229 i 4500 | ||
|---|---|---|---|
| 001 | 77292 | ||
| 003 | ES-MaACL | ||
| 005 | 20250520202304.0 | ||
| 007 | t| | ||
| 008 | 041007s1985 sp ||||1| spa d | ||
| 020 | _a84-297-2316-1 | ||
| 100 | 1 |
_aHabermas, Jürgen. _961376 |
|
| 245 | 1 | 0 |
_aConciencia moral y acción comunicativa / _cJürgen Habermas ; traducción de amón García Cotarelo. |
| 250 | _a[1ª ed.]. | ||
| 260 |
_aBarcelona : _bPenínsula, _c1985. |
||
| 300 |
_a219 p. ; _c20 cm. |
||
| 490 | 1 |
_aHomo sociologicus ; _v34 |
|
| 700 | 1 |
_aCotarelo, Ramón, _d1943- _941166 |
|
| 830 | 0 |
_aHomo sociologicus ; _v34 _9177385 |
|
| 852 |
_aES-MaACL _jL-9150 _bR.110665 |
||
| 999 |
_c77292 _d77292 |
||